Rozšírenie výučbového systému konfigurácie smerovačov

Salvato in:
Dettagli Bibliografici
Autore principale: Novák, Štefan (Autore)
Altri autori: Jelemenská, Katarína (Relatore della tesi)
Natura: Manoscritto Libro
Lingua:slovacco
Pubblicazione: Bratislava : STU, 2006
Soggetti:
Tags: Aggiungi Tag
Nessun Tag, puoi essere il primo ad aggiungerne!!

MARC

LEADER 00000ntm a22000003a 4500
001 stu139168
005 20180312140121.9
008 070322s2006----xo------------------slo-d
040 |a STU  |b slo 
041 0 |a slo 
044 |a xo 
100 1 |a Novák, Štefan  |4 aut 
245 1 |a Rozšírenie výučbového systému konfigurácie smerovačov 
260 |a Bratislava :  |b STU,  |c 2006 
300 |a 64 s  |c príl 
650 7 |a počítačové systémy a siete  |2 stusub 
700 1 |a Jelemenská, Katarína  |4 ths  |u E220  |U FEI Fakulta elektrotechniky a informatiky  |T FEI Katedra informatiky a výpočtovej techniky  |X 1867  |U E220  |Y 69  |7 1867 
996 |c I*DP75/06  |l II680  |s P  |a 0  |w stu139168_0001